[Event "Asia Nations online Cup"]
[Site "Chess.com INT"]
[Date "2020.10.16"]
[Round "5.4"]
[White "Thilakarathne, GM Harshana"]
[Black "Smirnov, Anton"]
[Result "0-1"]
[WhiteElo "2398"]
[BlackElo "2597"]
[PlyCount "64"]
[EventDate "2020.10.10"]
[EventType "team-swiss (rapid)"]
[EventRounds "9"]
[EventCountry "IND"]
[SourceTitle "CBM 198 Extra"]
[Source "ChessBase"]
[SourceDate "2020.11.30"]
[SourceVersion "1"]
[SourceVersionDate "2020.11.30"]
[SourceQuality "1"]
[WhiteTeam "Sri Lanka"]
[BlackTeam "Australia"]
[WhiteTeamCountry "SRI"]
[BlackTeamCountry "AUS"]

1. e4 c5 2. Nf3 d6 3. d4 cxd4 4. Nxd4 Nf6 5. Nc3 a6 6. g3 e5 7. Nde2 b5 8. Nd5 Nxd5 9. Qxd5 Ra7 10. Be3 Be6 11. Qd2 Rd7 12. Nc3 Be7 13. a4 d5 14. Nxd5 f5 15. Bb6 Qc8 16. Nxe7 Qb7 17. Nd5 Bxd5 18. exd5 Qxb6 19. axb5 axb5 20. Qa5 Qd4 21. Bxb5 Qe4+ 22. Kd2 Qxd5+ 23. Kc3 Qf3+ 24. Kc4 Nc6 25. Qa8+ Kf7 26. Qxc6 Rd4+ 27. Kc5 Qxf2 28. Bc4+ Rxc4+ 29. Kxc4 Qxc2+ 30. Kd5 Rd8+ 31. Kxe5 Qxc6 32. Ra7+ Kg6 0-1

[Event "Fide Inter Con Cup U18"]
[Site "Tornelo INT"]
[Date "2020.10.10"]
[Round "2"]
[White "Thilakarathne, GM Harshana"]
[Black "Gavrilescu, David"]
[Result "0-1"]
[WhiteElo "2398"]
[BlackElo "2250"]
[PlyCount "68"]
[EventDate "2020.10.10"]
[EventType "swiss (rapid)"]
[EventRounds "6"]
[EventCountry "NET"]
[SourceTitle "EXT 2022"]
[Source "ChessBase"]
[SourceDate "2021.10.06"]
[SourceVersion "1"]
[SourceVersionDate "2021.10.06"]
[SourceQuality "1"]

1. e4 e6 2. d4 d5 3. Nd2 c5 4. exd5 Qxd5 5. Ngf3 cxd4 6. Bc4 Qd7 7. 0-0 Nc6 8. Nb3 a6 9. Nbxd4 Nxd4 10. Nxd4 Qc7 11. Bb3 Bd6 12. h3 Ne7 13. Qf3 0-0 14. Rd1 Bd7 15. Be3 Rad8 16. Rd2 e5 17. Ne2 Bc6 18. Qh5 g6 19. Qg4 Nf5 20. Bg5 Rd7 21. Nc3 h5 22. Qd1 Nd4 23. Bf6 Bc5 24. Qe1 Re8 25. Ne4 Bf8 26. Rad1 Nxb3 27. Rxd7 Bxd7 28. axb3 Bf5 29. c4 Qc6 30. Rd5 Bxe4 31. Qxe4 Qxf6 32. Rd7 b5 33. c5 Bxc5 34. Qb7 Qxf2+ 0-1

[Event "Asia Nations online Cup"]
[Site "Chess.com INT"]
[Date "2020.10.10"]
[Round "2.16"]
[White "Thilakarathne, GM Harshana"]
[Black "Kwong, Wing Ki"]
[Result "1-0"]
[WhiteElo "2398"]
[BlackElo "1876"]
[PlyCount "119"]
[EventDate "2020.10.10"]
[EventType "team-swiss (rapid)"]
[EventRounds "9"]
[EventCountry "IND"]
[SourceTitle "CBM 198 Extra"]
[Source "ChessBase"]
[SourceDate "2020.11.30"]
[SourceVersion "1"]
[SourceVersionDate "2020.11.30"]
[SourceQuality "1"]
[WhiteTeam "Sri Lanka"]
[BlackTeam "Hong Kong"]
[WhiteTeamCountry "SRI"]
[BlackTeamCountry "HKG"]

1. e4 e5 2. Nf3 Nc6 3. Bb5 a6 4. Ba4 Nf6 5. 0-0 Be7 6. Re1 b5 7. Bb3 d6 8. c3 0-0 9. h3 Nb8 10. d4 Nbd7 11. Nbd2 Bb7 12. Bc2 Re8 13. Nf1 Bf8 14. Ng3 g6 15. a4 Bg7 16. Bd3 b4 17. dxe5 Nxe5 18. Nxe5 Rxe5 19. cxb4 Re8 20. Bf4 Nd7 21. Qd2 a5 22. bxa5 Nc5 23. Ra3 d5 24. e5 Ne6 25. Bh6 Bxh6 26. Qxh6 c5 27. Nh5 Kh8 28. Nf6 Nf8 29. Nxe8 Qxe8 30. Bb5 Qe7 31. Qd2 Ne6 32. a6 Bxa6 33. Bxa6 Rxa6 34. Qxd5 Ra5 35. g3 h5 36. h4 Qc7 37. Rb3 Kg8 38. Re4 c4 39. Qxc4 Rc5 40. Qb4 Qc6 41. Rc3 Rxc3 42. bxc3 Qd5 43. Qc4 Qd1+ 44. Qf1 Qd2 45. Re3 Nc5 46. a5 Qa2 47. Qb5 Ne6 48. a6 Kg7 49. Qb6 Qd5 50. Re1 Qd2 51. Qe3 Qa2 52. a7 Nc7 53. Qb6 Nd5 54. Qb7 Qd2 55. Ra1 Nxc3 56. a8Q Ne2+ 57. Kh1 Qd4 58. Qf3 Nc3 59. Qa7 Qc4 60. Rc1 1-0

[Event "Fide Inter Con Cup U18"]
[Site "Tornelo INT"]
[Date "2020.10.10"]
[Round "3"]
[White "Yearwood, Sean"]
[Black "Thilakarathne, GM Harshana"]
[Result "1-0"]
[WhiteElo "1778"]
[BlackElo "2398"]
[PlyCount "79"]
[EventDate "2020.10.10"]
[EventType "swiss (rapid)"]
[EventRounds "6"]
[EventCountry "NET"]
[SourceTitle "EXT 2022"]
[Source "ChessBase"]
[SourceDate "2021.10.06"]
[SourceVersion "1"]
[SourceVersionDate "2021.10.06"]
[SourceQuality "1"]

1. g3 Nf6 2. c4 e6 3. d4 c5 4. d5 exd5 5. cxd5 g6 6. Bg2 d6 7. Nc3 Bg7 8. Nf3 0-0 9. 0-0 Re8 10. Nd2 Nbd7 11. a4 Ne5 12. e4 Nh5 13. h3 f5 14. exf5 Bxf5 15. Nde4 Nf6 16. Bg5 Nf7 17. Bh4 Bxe4 18. Nxe4 Rxe4 19. Bxf6 Qxf6 20. Bxe4 Qxb2 21. Rb1 Qe5 22. Re1 Qg5 23. Rxb7 Bd4 24. Kg2 Rf8 25. f4 Qd8 26. Bc2 Qc8 27. Ree7 Bf6 28. Red7 Qe8 29. h4 Qe3 30. h5 g5 31. Bxh7+ Kg7 32. Bg6 gxf4 33. Rxf7+ Rxf7 34. Rxf7+ Kg8 35. Qf3 Qd2+ 36. Kh3 Be5 37. gxf4 Bd4 38. Qg3 Bf2 39. Qf3 Qe1 40. h6 1-0

[Event "Online Olym Div3 B"]
[Site "Chess.com INT"]
[Date "2020.08.08"]
[Round "5.4"]
[White "Thilakarathne, GM Harshana"]
[Black "Omar, Noaman"]
[Result "0-1"]
[WhiteElo "2398"]
[BlackElo "2367"]
[PlyCount "72"]
[EventDate "2020.08.07"]
[EventType "team-tourn (rapid)"]
[EventRounds "9"]
[EventCountry "USA"]
[SourceTitle "CBM 198"]
[Source "ChessBase"]
[SourceDate "2020.10.31"]
[SourceVersion "1"]
[SourceVersionDate "2020.10.31"]
[SourceQuality "1"]
[WhiteTeam "Sri Lanka"]
[BlackTeam "United Arab Emirates"]
[WhiteTeamCountry "SRI"]
[BlackTeamCountry "UAE"]

1. e4 c6 2. Nc3 d5 3. Nf3 Bg4 4. h3 Bh5 5. exd5 cxd5 6. g4 Bg6 7. Ne5 Nc6 8. d4 f6 9. Nxg6 hxg6 10. Bd3 Kf7 11. h4 e6 12. h5 gxh5 13. gxh5 f5 14. Be3 Nf6 15. Qf3 Bb4 16. 0-0-0 Bxc3 17. bxc3 Qa5 18. Rdg1 Qxc3 19. Qg3 Qa3+ 20. Kd1 Ng4 21. Rh4 Nxe3+ 22. fxe3 Rag8 23. Qg6+ Ke7 24. Rf4 Qd6 25. c4 dxc4 26. Bxc4 Kd7 27. Qf7+ Ne7 28. Rxg7 Rxg7 29. Qxg7 Rxh5 30. Qg2 Qb4 31. Bb3 Qb5 32. Rf2 Rh7 33. Rc2 Qd3+ 34. Rd2 Rh1+ 35. Qxh1 Qb1+ 36. Ke2 Qxh1 0-1